<?xml version="1.0" encoding="UTF-8"?>
<record
    xmlns:xsi="http://www.w3.org/2001/XMLSchema-instance"
    xsi:schemaLocation="http://www.loc.gov/MARC21/slim http://www.loc.gov/standards/marcxml/schema/MARC21slim.xsd"
    xmlns="http://www.loc.gov/MARC21/slim">

  <leader>00833nam a22002297a 4500</leader>
  <controlfield tag="003">LK-CoDNM</controlfield>
  <controlfield tag="005">20241021121826.0</controlfield>
  <controlfield tag="008">241015b        |||||||| |||| 00| 0 eng d</controlfield>
  <datafield tag="040" ind1=" " ind2=" ">
    <subfield code="a">LK-CoDNM</subfield>
    <subfield code="d">LK-CoDNM</subfield>
    <subfield code="e">LK-CoDNM</subfield>
  </datafield>
  <datafield tag="041" ind1=" " ind2=" ">
    <subfield code="a">sin</subfield>
  </datafield>
  <datafield tag="080" ind1=" " ind2=" ">
    <subfield code="a">&#xDB4;&#xDCA;&#x200D;&#xDBB;.&#xDB6;</subfield>
    <subfield code="b">19</subfield>
  </datafield>
  <datafield tag="100" ind1=" " ind2=" ">
    <subfield code="a">&#xD91;&#xDA0;&#xDCA;. &#xD92;. &#xD85;&#xDB8;&#xDBB;&#xDC3;&#xDDA;&#xD9A;&#xDBB; , &#xD87;&#xDC3;&#xDCA;. &#xDA7;&#xDD3;. &#xD9C;&#xDD4;&#xDAB;&#xDC3;&#xDDA;&#xD9A;&#xDBB;</subfield>
  </datafield>
  <datafield tag="245" ind1=" " ind2=" ">
    <subfield code="a">&#xDB6;&#xDD9;&#xDBD;&#xDD2;&#xDC0;&#xDB1;&#xDBA;-1951</subfield>
    <subfield code="b">1 &#xD9A;&#xDCF;&#xDAB;&#xDCA;&#xDA9;&#xDBA; 11 &#xD9A;&#xDBD;&#xDCF;&#xDB4;&#xDBA;</subfield>
  </datafield>
  <datafield tag="260" ind1=" " ind2=" ">
    <subfield code="a">&#xDAF;&#xDDC;&#xDB8;&#xDCA;&#xDB4;&#xDDA;</subfield>
    <subfield code="c">1951</subfield>
    <subfield code="b">&#xDB4;&#xDD4;&#xDBB;&#xDC3;&#xDAF; &#xDBA;&#xDB1;&#xDCA;&#xDAD;&#xDCA;&#x200D;&#xDBB;&#xDCF;&#xDBD;&#xDBA;</subfield>
  </datafield>
  <datafield tag="300" ind1=" " ind2=" ">
    <subfield code="b">20p. ; 24 cm</subfield>
  </datafield>
  <datafield tag="650" ind1=" " ind2=" ">
    <subfield code="a">&#xDB6;&#xDD9;&#xDBD;&#xDD2;&#xDC0;&#xDB1;&#xDBA;-1951</subfield>
  </datafield>
  <datafield tag="650" ind1=" " ind2=" ">
    <subfield code="a">1 &#xD9A;&#xDCF;&#xDAB;&#xDCA;&#xDA9;&#xDBA; 11 &#xD9A;&#xDBD;&#xDCF;&#xDB4;&#xDBA;</subfield>
  </datafield>
  <datafield tag="650" ind1=" " ind2=" ">
    <subfield code="a">&#xD91;&#xDA0;&#xDCA;. &#xD92;. &#xD85;&#xDB8;&#xDBB;&#xDC3;&#xDDA;&#xD9A;&#xDBB; , &#xD87;&#xDC3;&#xDCA;. &#xDA7;&#xDD3;. &#xD9C;&#xDD4;&#xDAB;&#xDC3;&#xDDA;&#xD9A;&#xDBB;</subfield>
  </datafield>
  <datafield tag="650" ind1=" " ind2=" ">
    <subfield code="a">&#xDB4;&#xDCA;&#x200D;&#xDBB;.&#xDB6; 19</subfield>
  </datafield>
  <datafield tag="650" ind1=" " ind2=" ">
    <subfield code="a">1951</subfield>
  </datafield>
  <datafield tag="942" ind1=" " ind2=" ">
    <subfield code="c">BK</subfield>
  </datafield>
  <datafield tag="952" ind1=" " ind2=" ">
    <subfield code="0">0</subfield>
    <subfield code="1">0</subfield>
    <subfield code="4">1</subfield>
    <subfield code="7">0</subfield>
    <subfield code="8">OBC</subfield>
    <subfield code="a">MAIN</subfield>
    <subfield code="b">MAIN</subfield>
    <subfield code="c">REF</subfield>
    <subfield code="d">2024-10-15</subfield>
    <subfield code="l">0</subfield>
    <subfield code="o">&#xDB4;&#xDCA;&#x200D;&#xDBB;.&#xDB6; 19</subfield>
    <subfield code="p">OJP3832-10</subfield>
    <subfield code="r">2024-10-21</subfield>
    <subfield code="w">2024-10-21</subfield>
    <subfield code="y">BK</subfield>
  </datafield>
  <datafield tag="999" ind1=" " ind2=" ">
    <subfield code="c">220441</subfield>
    <subfield code="d">220441</subfield>
  </datafield>
</record>
